| 000 | 00875nam a2200241 i 4500 | ||
|---|---|---|---|
| 001 | 000033129 | ||
| 003 | DO-SdBNP | ||
| 005 | 20250422184134.0 | ||
| 008 | 110405s2005 dr 000 0 spa d | ||
| 040 |
_aDO-SdBNP _bspa _cBNPHU _erda |
||
| 082 |
_a972.93054 _bD473a _222 |
||
| 100 | 1 |
_aDespradel, Fidelio _9324 _eautor |
|
| 245 | 1 | 0 |
_aAbril : _bhistoria gráfica de la guerra de abril / _cFidelio Despradel. |
| 264 |
_aSanto Domingo : _bSecretaría de Estado de Cultura de la República Dominicana, _c2005. |
||
| 300 |
_a148 Paginas. : _bilustraciones., retratos. ; _c29 cm. |
||
| 336 |
_2rdacontent _atexto _btxt |
||
| 337 |
_2rdamedia _asin mediación _bn |
||
| 338 |
_2rdacarrier _avolumen _bnc |
||
| 590 | _aInventariado, 2023 / DG | ||
| 651 | 4 |
_aRepública Dominicana _xHistoria _yREVOLUCIÓN, 1965 _xCongresos, Conferencias, Etc. _96987 |
|
| 910 | _aDG | ||
| 942 |
_2ddc _cLBS1 |
||
| 999 |
_c54562 _d54562 |
||